| 000 | 00684nam a2200241 a 4500 | ||
|---|---|---|---|
| 005 | 20140310183159.0 | ||
| 008 | 021016s19uu xx 00 eng d | ||
| 050 |
_aRT 52 _b.El44 1996 |
||
| 100 | _aEllis, Janice Rider. | ||
| 245 |
_aModules for Basic Nursing Skills / _cJanice Rider Ellis. |
||
| 250 | _a6th ed. | ||
| 260 |
_aPhiladelphia : _bLippincott Williams & Wilkins, Inc, _c1996. |
||
| 300 |
_a1-12 : _bill. ; _c27 cm. |
||
| 521 | _aNUR | ||
| 650 |
_aNursing _xoutlines, syllabi, etc. |
||
| 650 |
_aNursing _xproblems, exercises etc. |
||
| 942 |
_cBK _2lcc _kFOR |
||
| 999 |
_c19826 _d19826 |
||